000 00548cam a22002174a 4500
005 20250605164301.0
008 250528s ||||||||||||||||||||||||d
035 _a22098
020 _a9781473969018
040 _aGR-AtMCL
_bgre
_dGR-AtMCL
_eAACR2
245 1 _aCHILDREN'S LITERATURE IN PRIMARY SCHOOLS
250 _a2
260 _bSage Publications,
_c2013
300 _a247
700 1 _aNeaum Sally
_97973
700 1 _aWaugh David
_97974
700 1 _aWaugh Rosemary
_97975
942 _cBK
999 _c7154
_d7154